Documentos de Estudio. Realidad Centroaméricana. Militarismo y sociedad
Uloženo v:
| Médium: | Text |
|---|---|
| Vydáno: |
s.l:
s.e
|
| Tagy: |
Přidat tag
Žádné tagy, Buďte první, kdo vytvoří štítek k tomuto záznamu!
|
MARC
| LEADER | 00000 a a2200000 04500 | ||
|---|---|---|---|
| 001 | 25309 | ||
| 003 | |||
| 040 | |||
| 090 | |a 150012 | ||
| 245 | |a Documentos de Estudio. Realidad Centroaméricana. Militarismo y sociedad | ||
| 260 | |a s.l: |b s.e | ||
| 999 | |c 15536 |d 15536 | ||
